| 000 | 01296cam a22003498a 4500 | ||
|---|---|---|---|
| 001 | 14786964 | ||
| 005 | 20070412105123.0 | ||
| 008 | 070327s2007 enk b 001 0 eng | ||
| 010 | _a 2007012828 | ||
| 020 | _a9780131869011 | ||
| 035 | _a(DNLM)101303038 | ||
| 040 |
_aDNLM/DLC _cDLC _dDLC |
||
| 042 | _apcc | ||
| 050 | 0 | 0 |
_aRM300 _b.F87 2007 |
| 060 | 1 | 0 |
_aQV 4 _bF981 2007 |
| 082 | 0 | 0 |
_a615.1 _222 _bFUN NR |
| 245 | 0 | 0 |
_aFundamentals of pharmacology : _ban applied approach for nursing and health / _cAlan Galbraith ... [et al.]. |
| 250 | _a2nd ed. | ||
| 260 |
_aHarlow, Essex : _bPearson Education Ltd., _c2007. |
||
| 263 | _a0706 | ||
| 300 |
_a928 p. ; _c30 cm. |
||
| 504 | _aIncludes bibliographical references and index. | ||
| 650 | 0 | _aPharmacology. | |
| 650 | 0 | _aNursing. | |
| 650 | 1 | 2 |
_aPharmacology _vNurses' Instruction. |
| 650 | 2 | 2 |
_aPharmaceutical Preparations _vNurses' Instruction. |
| 700 | 1 | _aGalbraith, Alan. | |
| 856 | 4 | 1 |
_3Table of contents only _uhttp://www.loc.gov/catdir/toc/ecip0714/2007012828.html |
| 942 |
_2ddc _cBB |
||
| 999 |
_c10859 _d10859 |
||